00439nam a22001457a 4500020002200000082001500022100002000037245002800057260003600085300000800121650002500129942000700154952011500161999001700276 a978-81-203-2140-3 a294.52 BAS aBasu, Durga Das aThe Essence of Hinduism aDelhibPHI Learnin Private Lit. a131 aHindinism- Doctrines cBK 00104070aHMIbHMId2017-02-27eamazong250.00l2o294.52 BASp25167r2018-09-12s2018-09-10w2017-02-27yBK c20313d20313